<?xml version="1.0" encoding="UTF-8"?>
<record
    xmlns:xsi="http://www.w3.org/2001/XMLSchema-instance"
    xsi:schemaLocation="http://www.loc.gov/MARC21/slim http://www.loc.gov/standards/marcxml/schema/MARC21slim.xsd"
    xmlns="http://www.loc.gov/MARC21/slim">

  <leader>007890000a22002050004500</leader>
  <controlfield tag="003">LK-CoMWRAF</controlfield>
  <controlfield tag="005">20240611103419.0</controlfield>
  <controlfield tag="008">230817t1998       ||||| |||| 00| 0 eng d</controlfield>
  <datafield tag="040" ind1=" " ind2=" ">
    <subfield code="a">LK-CoMWRAF</subfield>
    <subfield code="d">LK-CoMWRAF</subfield>
    <subfield code="e">LK-CoMWRAF</subfield>
  </datafield>
  <datafield tag="041" ind1=" " ind2=" ">
    <subfield code="a">tam</subfield>
  </datafield>
  <datafield tag="082" ind1=" " ind2=" ">
    <subfield code="a">894.81109</subfield>
    <subfield code="b">ILY</subfield>
  </datafield>
  <datafield tag="100" ind1=" " ind2=" ">
    <subfield code="a">&#xB87;&#xBB2;&#xBBF;&#xBAF;&#xBBE;&#xBB8;&#xBCD;, &#xBAE;&#xBB0;&#xBC0;&#xBA9;&#xBBE;</subfield>
    <subfield code="v">Ilyas, Mareena</subfield>
  </datafield>
  <datafield tag="242" ind1=" " ind2=" ">
    <subfield code="a">Tamil short stories of South Ceylon Muslims: an evaluation</subfield>
  </datafield>
  <datafield tag="245" ind1=" " ind2=" ">
    <subfield code="a">&#xBA4;&#xBC6;&#xBA9;&#xBCD;&#xBA9;&#xBBF;&#xBB2;&#xB99;&#xBCD;&#xB95;&#xBC8; &#xBAE;&#xBC1;&#xBB8;&#xBCD;&#xBB2;&#xBBF;&#xBAE;&#xBCD;&#xB95;&#xBB3;&#xBBF;&#xBA9;&#xBCD; &#xBA4;&#xBAE;&#xBBF;&#xBB4;&#xBCD;&#xB9A;&#xBCD; &#xB9A;&#xBBF;&#xBB1;&#xBC1;&#xB95;&#xBA4;&#xBC8;&#xB95;&#xBB3;&#xBCD;: </subfield>
    <subfield code="b">&#xB93;&#xBB0;&#xBCD; &#xB86;&#xBAF;&#xBCD;&#xBB5;&#xBC1;</subfield>
  </datafield>
  <datafield tag="246" ind1=" " ind2=" ">
    <subfield code="a">Thennilankai muslimkalin thamil sirukathaikal: or aayvu</subfield>
  </datafield>
  <datafield tag="260" ind1=" " ind2=" ">
    <subfield code="a">Rajagiriya:</subfield>
    <subfield code="b">Thamil Manram,</subfield>
    <subfield code="c">1998</subfield>
  </datafield>
  <datafield tag="300" ind1=" " ind2=" ">
    <subfield code="a">112 p.</subfield>
  </datafield>
  <datafield tag="650" ind1=" " ind2=" ">
    <subfield code="a">TAMIL SHORT STORIES-evaluation</subfield>
  </datafield>
  <datafield tag="942" ind1=" " ind2=" ">
    <subfield code="c">BK</subfield>
  </datafield>
  <datafield tag="952" ind1=" " ind2=" ">
    <subfield code="0">0</subfield>
    <subfield code="1">0</subfield>
    <subfield code="4">0</subfield>
    <subfield code="7">0</subfield>
    <subfield code="a">MAIN</subfield>
    <subfield code="b">MAIN</subfield>
    <subfield code="d">2023-08-17</subfield>
    <subfield code="l">0</subfield>
    <subfield code="o">894.81109 ILY</subfield>
    <subfield code="p">RAF4713</subfield>
    <subfield code="r">2023-08-17</subfield>
    <subfield code="w">2023-08-17</subfield>
    <subfield code="y">BK</subfield>
  </datafield>
  <datafield tag="999" ind1=" " ind2=" ">
    <subfield code="c">3071</subfield>
    <subfield code="d">3071</subfield>
  </datafield>
</record>
